000 00662nam a2200229Ia 4500
001 848
003 GE_BSU
008 181216s||||||||xx |||||||||||||| ||und||
040 _cGE_BSU
080 _a597.2/5(072)
100 _aВеселов,Е.А.
245 _aОпределитель пресноводных рыб фауны СССР.
245 _bПособие для учителей
260 _aМосква
260 _bПросвещение
260 _c1977
300 _a238стр.
520 _aилл.
653 _aОпределитель пресноводных рыб фауны СССР.
653 _aФауна
942 _cBK
999 _c35010
_d35010